| 000 | 00623nam a2200205Ia 4500 | ||
|---|---|---|---|
| 001 | 15591 | ||
| 003 | GE_BSU | ||
| 008 | 181216s||||||||xx |||||||||||||| ||und|| | ||
| 040 | _cGE_BSU | ||
| 080 | _a821.353.1-32 | ||
| 100 | _aჩხეიძე, ბორის | ||
| 245 | _aმოთხრობები. | ||
| 245 | _cრედ.შ.ფორიძე. მხატვ.ო.ჯიშკარიანი | ||
| 260 | _aთბილისი | ||
| 260 | _bსაბჭ. საქართველო | ||
| 260 | _c1964 | ||
| 300 | _a286გვ. ; 17სმ | ||
| 653 | _aმოთხრობები. | ||
| 942 | _cBK | ||
| 999 |
_c48691 _d48691 |
||